Quizzes
Events
Quiz Creation
Community
Videos
Private Events
Remove Ads
Sign In
Join for FREE
Feedback
Dark Mode
Quiz Categories
Sports
Geography
Music
Movies
Television
Just For Fun
Miscellaneous
History
Literature
Language
Science
Gaming
Entertainment
Religion
Holiday
For Kids
Quiz Lab
Recent
Popular Today
Quiz Kudos Today
Editor Picks
Curator Picks
Quizzes by...
Day
Popularity
Type
Ratings
Length
Year
Community
Subscriptions
Recent Discussions
Orange Saloon
Badges
Playlists
Quests
Create
Leaderboards
Showdown
Live 5
Trivia Bingo
Activity
Puzzle Library
Sporcle Events
Private Events
Virtual Trivia
Globe League
Become a Host
Pub Owners
SporcleCon
Opinionation
Our Games
Videos
Blog
Mobile Apps
Partnerships
Remove Ads and Go Orange
Feedback
Sports
Athletes
MLB
NBA
NHL
NFL
Soccer
Sports Teams
WWE
NCAA
Football
Premier League
Basketball
Baseball
Hockey
Golf
Tennis
Cricket
Rugby
Auto Racing
Olympics
World Cup
Sports
Athletes
MLB
NBA
NHL
NFL
Soccer
Sports Teams
WWE
NCAA
Football
Premier League
Basketball
Baseball
Hockey
Golf
Tennis
Cricket
Rugby
Auto Racing
Olympics
World Cup
Random Quiz
Search Sporcle
×
Quiz Lab
Quiz Lab
Sports
World
Type in answers that appear in a list
Type in answers that appear in a list
Classic
Best Score? Go Orange.
FIFA World Cup Qualifying 2014 Premier League Scorers Stats
Can you name the Current Premier League Players to have Scored in FIFA World Cup 2014 Qualifying?
By
aj95
15m
75 Questions
504 Plays
504 Plays
504 Plays
Comments
Comments
Give Quiz Kudos
Give Quiz Kudos
-
- Ratings
hide this ad
More Info
Replay
Link that replays current quiz
Next Quiz
Link to next quiz in quiz playlist
You Got
0%
They Got
Avg Score
68%
Avg Friend Score
Upgrade to see
Score Distribution
Jump to the score distribution portion of the page
Score
0/75
Timer
15:00
0
Plays Today
Hint
Answer
% Correct
Argentina
Sergio Aguero
97.2%
Bosnia -
Herzegovina
Edin Dzeko
93.8%
Belgium
Romelu Lukaku
93.3%
Belgium
Eden Hazard
92.1%
Belgium
Christian Benteke
90.3%
England
Wayne Rooney
90.1%
Cameroon
Samuel Eto'o
89.3%
Belgium
Vincent Kompany
87.1%
England
Frank Lampard
87.1%
England
Steven Gerrard
87.1%
Belgium
Marouane Fellaini
85.7%
Uruguay
Luis Suarez
85.7%
Germany
Mesut Ozil
84.5%
Ivory Coast
Kolo Toure
84.5%
Ivory Coast
Yaya Toure
84.5%
Mexico
Javier Hernandez
84.3%
Netherlands
Robin Van Persie
83.9%
Japan
Shinji Kagawa
83.3%
Czech Republic
Tomas Rosicky
83.1%
Denmark
Daniel Agger
83.1%
Portugal
Luis Nani
82.9%
Denmark
Nicklas Bendtner
82.7%
England
Daniel Sturridge
82.5%
Wales
Aaron Ramsey
82.5%
France
Olivier Giroud
81.9%
England
Rickie Lambert
81.5%
South Korea
Park Chu-Young
81.5%
Germany
Per Mertesacker
80.8%
Belgium
Kevin Mirallas
80.2%
Costa Rica
Bryan Ruiz
79.2%
England
Danny Welbeck
79.2%
England
Leighton Baines
77.8%
Serbia
Branislav Ivanovic
77.8%
England
James Milner
77.4%
Belgium
Jan Vertonghen
76.8%
Germany
Andre Schurrle
76%
Senegal
Papiss Cisse
75.2%
Croatia
Nikica Jelavic
74.2%
Hint
Answer
% Correct
Spain
Juan Mata
74%
England
Jermain Defoe
72.8%
Nigeria
Victor Moses
72.2%
Belgium
Kevin De Bruyne
71.8%
Iceland
Gylfi Sigurdsson
71.8%
Ivory Coast
Wilfried Bony
71.6%
Spain
Roberto Soldado
71.6%
Montenegro
Stefan Jovetic
69.2%
England
Alex Oxlade-Chamberlain
68.7%
Honduras
Wilson Palacios
66.7%
England
Ashley Young
64.5%
Chile
Gary Medel
63.3%
Italy
Pablo Osvaldo
60.5%
Norway
John Arne Riise
60.1%
Greece
Giorgios Karagounis
59.5%
Australia
Mile Jedinak
59.1%
Croatia
Dejan Lovren
58.5%
England
Andros Townsend
58.3%
Scotland
Steven Naismith
57.9%
Ireland
Jonathan Walters
57.5%
Norway
Brede Hangeland
56%
Hungary
Zoltan Gera
55.6%
Scotland
Robert Snodgrass
50%
Iran
Ashkan Dejagah
47.2%
Honduras
Maynor Figueroa
45.6%
Ireland
John O'Shea
44%
Sweden
Martin Olsson
42.1%
Scotland
James Morrison
40.3%
France
Abou Diaby
39.9%
France
Ettiene Capoue
36.5%
Northern Ireland
Steven Davis
35.9%
South Korea
Ji Dong-Won
34.5%
Sweden
Alex Kacaniklic
33.9%
Bulgaria
Aleksander Tonev
33.3%
Northern Ireland
Gareth McAuley
29.2%
Ireland
Marc Wilson
25%
Czech Republic
Matej Vydra
24.2%
Quiz Playlist
Details
Report
Send in Message
Add To Playlist
More Info:
Includes any goal from any group stage or play off round from all continents.
Classic:
Type in answers that appear in a list
Last Updated: Feb 16, 2017
Quiz Scoreboard
CHALLENGE
Sign Up to Join the Scoreboard
Show All
Scores
Hide
Comments
May contain spoilers
Recently Published
College Basketball Coaching Resumes
by pancakes188
Sports
9m
Billboard Blitz: Fleetwood Mac
by CooCooCachoo
Music
15s
Presidents Visiting Landmarks
by Hejman
History
7m
More to Explore
Quiz From the Vault
Featured Blog Post
Where Did the Easter Bunny Come From?
hide this ad
You Might Also Like...
Tags
World Quiz
2014
cup
FIFA
League
League Players
Player
Premier
Qualifying
Scorer
Today's Top Quizzes in Sports
Browse Sports
hide this ad
Today's Top Quizzes in World
Browse World
Top Contributed Quizzes in Sports
1
Les meilleurs buteurs des matchs entre le PSG et l’OM
2
2022 World Cup Stars
3
FIFA Club World Cup Champions
4
Les entraîneurs de l'OM et du PSG au 21e siècle
5
Criteria MLB: Left Handed Sluggers
6
AFC Teams Reveal (Wrong Answers Minefield)
7
5-to-1: UK Sports Teams
8
Name the Premier League winners with different clubs
9
5-to-1: FBS Animal Nicknames
10
Players with Multiple 50 Home Run Seasons
Explore More
Trending Topics
Harry Potter
Disney
Kpop
Marvel
NBA
Anime
Crossword
Song
Soccer
The Office
Puzzle
WWE
Country
Pokémon
NFL
hide this ad
More By:
aj95
Quiz
Plays
Rating
Category
Featured
Created
European Capital Match-Up
164,404
4.53
Geography
Mar 11, 2013
Top Premier League Scorers (2010s)
141,100
4.59
Sports
Aug 12, 2015
Premier League Nationalities 2013-14
10,946
4.32
Sports
Jul 12, 2013
Premier League Club Top Scorers 2014/15
7,349
3.72
Sports
May 20, 2015
Minute Maths
6,075
3.88
Just For Fun
Jan 17, 2013
Go to Creator's Profile
Score Distribution
Quiz Creator Spotlight
aj95
Follow
Send a Message
Quizzes Created
-
Created Quiz Play Count
-
More By This Creator
Popular Quizzes Today
1
Find the US States - No Outlines Minefield
2
Find the Countries of Europe - No Outlines Minefield
3
The Countries of the World
4
Find the US States
5
Risky Map Clicking: Biggest States A-Z
6
US States
7
Popular People in 1961
8
Movies - When Are They Set?
More Sports Quizzes
International Footballers: Pinpoint the Polish
Quiz Lab
Trending Quizzes
Risky Map Clicking: Least Populous States A-Z
1-10 Letter G Words
1-10 Letter F Words
Risky Map Clicking: Next State Alphabetically
Click the Washington State Counties! (Map)
Recently Updated
Leaping Animals
pecheneg
Reality TV Shows (A-Z)
bhenderson79
Rickey Henderson's Hall of Fame Teammates
pecheneg
Champions League XIs: Arsenal
pecheneg
Quick Pick: Celebrities in WWE's Hall of Fame
aduchscher
A-Z Keypad Blitz II
pecheneg
Multiple Oscar Actors
pecheneg
Mystery Phrase Blitz: Oscar 'Best Actors'
pecheneg
F. Scott Fitzgerald Novels
LTH
Pick 3 Villains
ddd62291
Trending Topics
Marvel
NBA
Harry Potter
Crossword
Anime
Kpop
Disney
Song
Soccer
NFL
The Office
Puzzle
WWE
Pokémon
Country
Your Account Isn't Verified!
In order to create a playlist on Sporcle, you need to verify the email address you used during registration. Go to your
Sporcle Settings
to finish the process.
Report this User
Report this user for behavior that violates our
Community Guidelines
.
Details:
Send Report
Go to the Sporcle.com Mobile Site →
Comments